Anuario Andino de Derechos Intelectuales

Detalles Bibliográficos
Formato: eBook
Lenguaje:español
Publicado: Lima : Editorial Palestra, 2006 -
Materias:
Acceso en línea:Acceso restringido

MARC

LEADER 00000nam a22000007a 4500
005 20120621174529.0
007 cr|||| ||||
008 120621c20062009pe |||| s|||| 0||| 1spa d
022 |a  1993-0976 
035 |a 6412 
040 |a vLex 
090 |c 3228  |d 3228 
245 1 0 |a Anuario Andino de Derechos Intelectuales  |h [Recurso electrn̤ico]  
256 |a Servicio en ln̕ea 
260 |a Lima :  |b Editorial Palestra,  |c 2006 - 
300 |a 1 recurso electrn̤ico 
310 |a Anual 
362 0 |a Nm︢. 1 (2006) 
506 1 |a Contenido solo disponible en los productos indicados  |d vLex Global   |d vLex Global (Academic Edition, excluding Law Schools)   |d vLex Global (U.S. Academic Edition, Law Schools)   |d vLex Global (U.S. Academic Edition, excluding Law Schools)   |d vLex Global (Academic Edition, Law Schools)  
650 |a Propiedad intelectual  |z Per︢ 
740 0 |a vLex Revistas (Servicio en ln̕ea) 
856 4 0 |u http://vlex.com/source/anuario-andino-derechos-intelectuales-6412  |z Acceso restringido 
942 |c REV 
999 0 |a Intellectual property